000 00396nam a22001697a 4500
005 20160616112630.0
008 160616b xxu||||| |||| 00| 0 eng d
020 _a81-203-1444-1
041 _aeng
082 _b7939
100 _aJankiraman, U.S. and Sarukari
_92073
245 _aDecision support Systems
260 _bPHI
_c2004
300 _a191
650 _aManagement
_9241
942 _cBK
999 _c2908
_d2907